000 00625nam a2200229Ia 4500
003 OSt
005 20220918202340.0
006 a|||||r|||| 00| 0
007 ta
008 220917b |||||||| |||| 00| 0 eng d
024 _a100,511
037 _cTextual
040 _aARTS
_cARTS
_beng
041 _2eng
_aeng
082 _aV231:21wK27, M5.1-.2
100 _aTakahav N S
_9103303
245 0 _aLife of Shivaji
_b founder of the Maratha empire
260 _aNew Delhi
_bSunita
_c1985
650 _aHISTORY
942 _hV231:21wK27, M5.1-.2
_cTEXL
_2CC
999 _c224040
_d224040